| 000 | 00321 a2200109 4500 | ||
|---|---|---|---|
| 999 |
_c28893 _d28893 |
||
| 003 | NUST | ||
| 005 | 20180117152744.0 | ||
| 008 | 180117b xxu||||| |||| 00| 0 eng d | ||
| 040 | _cNUST | ||
| 082 | _a515.3534 | ||
| 100 |
_aGalaktionov, Victor A _98570 |
||
| 245 |
_aGeometric Sturmian Theory of Nonlinear: _bParabolic Equations and Applciations / _cVictor A Galaktionov |
||
| 260 | _c2004. | ||
| 942 |
_aSNS _cBK _k515.3534 GAL _2ddc |
||